00946nam a2200181Ia 4500008004100000041001200041082001100053100002400064245007600088260000600164650000600170942000700176999001700183952014100200952014100341952014100482952014100623221030s9999 xx 000 0 und d aEnglish a105.23 aN. V. Suryanarayana 0aElecrrical Measurements & Measuring Instrumentscby N. V. Suryanarayana c0 aB cBK c13385d13385 pB 4981l0o105.23 r2022-10-30 00:00:00w2022-10-30yBK003Print4070aMIETLIBbMIETLIBcBL-, FL-, CUP-0, SH-0, R-0d2012-06-2310HBE pB 4982l0o105.23 r2022-10-30 00:00:00w2022-10-30yBK003Print4070aMIETLIBbMIETLIBcBL-, FL-, CUP-0, SH-0, R-0d2012-06-2310HBE pB 4983l0o105.23 r2022-10-30 00:00:00w2022-10-30yBK003Print4070aMIETLIBbMIETLIBcBL-, FL-, CUP-0, SH-0, R-0d2012-06-2310HBE pB 4984l0o105.23 r2022-10-30 00:00:00w2022-10-30yBK003Print4070aMIETLIBbMIETLIBcBL-, FL-, CUP-0, SH-0, R-0d2012-06-2310HBE